Представление документа в формате MARC21

Поле Инд. ПП Название Значение
Тип записи a
Библиографический уровень m
001 Контрольный номер RU/LIBMSTU/262434645
005 Дата корректировки 20211224114848.8
020 00 a ISBN 5-7621-0334-Х
c Цена, тираж 150-00
084 a Индекс другой классификации/Индекс ББК 63.3(0)62
090 00 a Полочн. индекс 63.3(0)6
x Авторский знак Р 49
100 10 a Автор Риесто Харальд
245 00 a Заглавие Маленький город и война. Вадсё в 1941-1945 гг.
c Ответственность [пер. с норв. О. С. Ермаковой]
260 00 a Место издания Санкт-Петербург
b Издательство Изд-во СПбГУП
c Дата издания 2005
300 00 a Объем 317, [2] с.
650 _4 a Основная рубрика Вторая мировая война, 1939-1945-Норвегия
651 _4 a Географическое наименование Норвегия
653 00 a Ключевые слова Вторая мировая война 1939-1945 гг.
a Ключевые слова Немецкая оккупация
a Ключевые слова Норвежское сопротивление
a Ключевые слова Финнмарк
901 t Тип документа m
990 00 f Даты поступлений (DOS) 12.05